Welcome to the Holygrace Academy Library

Please use search bar below to get started

THE HARDY BOYS - BAYPORT BUCCANEERS (Record no. 7809)

MARC details
000 -LEADER
fixed length control field 00809nam a22001457a 4500
020 ## - INTERNATIONAL STANDARD BOOK NUMBER
ISBN 978-1-4169-3403-5
082 ## - DEWEY DECIMAL CLASSIFICATION NUMBER
Classification number 823
Item number DIX/H
100 ## - MAIN ENTRY--AUTHOR NAME
Personal name DIXON, FRANKLIN W
245 ## - TITLE STATEMENT
Title THE HARDY BOYS - BAYPORT BUCCANEERS
260 ## - PUBLICATION, DISTRIBUTION, ETC. (IMPRINT)
Place of publication NEW YORK
Name of publisher ALADDIN PAPERBACKS
Year of publication 2007
300 ## - PHYSICAL DESCRIPTION
Number of Pages 163
520 ## - SUMMARY, ETC.
Summary, etc MISSION:<br/><br/>Investigate sabotage on the set of a pirate-themed, action-packed reality television show.<br/><br/>LOCATION:<br/><br/>Bayport waterfront.<br/><br/>POTENTIAL VICTIMS:<br/><br/>Show contestants and crew members.<br/><br/>SUSPECTS:<br/><br/>The surly mechanic on the set seems out for revenge, but there are also more than a few competitive contestants who will do anything to win....<br/><br/>This mission requires your immediate attention.<br/><br/>This message will be erased in five seconds.
650 ## - SUBJECT ADDED ENTRY--TOPICAL TERM
Topical Term MYSTERY STORY
Geographic subdivision UNITED STATES
942 ## - ADDED ENTRY ELEMENTS (KOHA)
Koha item type Books
Holdings
Withdrawn status Lost status Collection code Home library Current library Shelving location Date acquired Source of acquisition Cost, normal purchase price Full call number Accession Number Koha item type
    Fiction Main Library Main Library NEW SHELF WITH NEW ENTRY 20/11/2023 purchase 250.00 823 DIX/H 13396 Books